Nalaganje...

Life of George Mason [1725-1792] /

Bibliografske podrobnosti
Glavni avtor: Rowland, Kate Mason
Format: Printed Book
Jezik:English
Izdano: New York : Russell & Russell, 1964.
Serija:v2
LEADER 00460nam a2200121Ia 4500
008 150624b xxu||||| |||| 00| 0 eng d
100 |a Rowland, Kate Mason 
245 |a Life of George Mason [1725-1792] /  |c Kate Mason Rowland 
260 |a New York :  |b Russell & Russell,  |c 1964. 
490 |a v2 
942 |c BK 
999 |c 66386  |d 66386 
952 |0 0  |1 0  |4 0  |6 923_000000000000000_2755M1_ROW_L_2  |7 0  |9 66363  |a UL  |b UL  |c SEC  |d 2012-10-27  |l 0  |o 923.2755M1 ROW/L.2  |p G5234  |r 2012-10-27  |w 2012-10-27  |y BK